| 000 | 01133nam a22002297a 4500 | ||
|---|---|---|---|
| 005 | 20101221122148.0 | ||
| 008 | 101221t xxu||||| |||| 00| 0 mar d | ||
| 010 | _aMAR-20445 | ||
| 020 |
_c200.00 _a978938166179 |
||
| 035 | _aMR-13103 | ||
| 037 | _bDBAD /PUB | ||
| 040 |
_aDPL _bMR |
||
| 082 | _a338.90092 | ||
| 100 |
_aथोरात,सुखदेव _925025 |
||
| 245 |
_aबाबासाहेब आंबेडकर : _cसुखदेव थोरात, _bनियोजन,जल व विद्दुतविकास-भूमिका व योगदान / |
||
| 246 |
_aPrachin-Arvachin Bharatiya Stree Ani Hindu Code Bill _bby Anil Surya |
||
| 260 |
_aपुणे _bसुगावा प्रकाशन _c2010 |
||
| 270 |
_a562,सदाशिव पेठ _bपुणे _e411030 |
||
| 300 |
_a218पृ _c21सेमी(सजिल्द) |
||
| 942 |
_2ddc _cMR _h338.90092 _mथोरात |
||
| 999 |
_c49355 _d49355 |
||